Zelda Game by Plot Quiz Stats

Quiz Updated Mar 6, 2013

Challenge
Share
Tweet
Embed
Score 0/16 Timer 04:00
3 Plays Today
What Happens The Game % Correct
It's your Birthday! Celebrate by sailing.Wind Waker
91.4%
There's a skull kid, a salesman, and the end of the worldMajora's Mask
80.4%
A Princess has a dream and you lose 7 years of your lifeOcarina of Time
77.6%
A sword breaks, You get an informative hat. The Minish Cap
73.6%
An imp from another dimension rides your back while you save both worldsTwilight Princess
71.1%
One Link, Two Link, Three Link...Four Swords
70.3%
A temple is sucked underground and a giving tree helps restore the seasonsOracle of Seasons
57.3%
Collect pendants, save maidens, and briefly become hopping mad (pun intended)A Link to the Past
56.9%
What Happens The Game % Correct
You're above the clouds and you help those belowSkyward Sword
55.5%
A ghost ship. A ghastly blade. Is it a dream come true?Phantom Hourglass
52.8%
There's only 2 pieces of Triforce and Ganon is wreaking havoc in HyruleLegend of Zelda
50.8%
Lots of past dramas, time travel, and a giving treeOracle of Ages
49.9%
Find instruments and Mario cameos to awaken a trippy whaleLink's Awakening
48.1%
Zelda dies and you start workin' all the live-long daySpirit Tracks
40.3%
Zelda is asleep! wake her with crystals!The Adventure of Link
30.4%
You're quartered and Ganon is making evil clonesFour Swords Adventures
22.7%

You're not logged in!

Compare scores with friends on all Sporcle quizzes.
Sign Up with Email
OR
Log In

You Might Also Like...

Show Comments

Extras

Top Quizzes Today


Score Distribution

Your Account Isn't Verified!

In order to create a playlist on Sporcle, you need to verify the email address you used during registration. Go to your Sporcle Settings to finish the process.